000 00928nam a2200337 a 4500
003 AR-BaBNM
005 20251128203615.0
008 082120s2002 ||||||||||||||000 | spa||
040 _cAR-BaBNM
100 1 _aQuevedo y Villegas, Francisco de
245 0 0 _aProsa y verso
260 _aBuenos Aires
_bEmecé
_c1948
300 _a904 p.
490 0 _aClásicos Emecé
500 _aContiene biografía del autor por Pablo Antonio de Tarsia en p. 19-119
500 _aIndice de las obras en p. 901-904
650 4 _aLITERATURA ESPAÑOLA
650 4 _aSIGLO DIECISIETE
650 4 _aSATIRA
653 _aBURLERIAS
653 _aBARROCO
653 _aPOESIA RELIGIOSA
653 _aSONETO
653 _aPOESIA LIRICA
653 _aINFLUENCIA GRECOLATINA
655 _aLITERATURA
700 1 _aBorges, Jorge Luis
_ecompilador
700 1 _aBioy Casares, Adolfo
_ecompilador
942 _cBK
998 _cisola
999 _c4111
_d4111